Pengurusan Kerjaya /

Bibliographic Details
Main Author: Chek Mat
Format: Book
Published: Kuala Lumpur: Utusan Publications and Distributors, 2000.
Series:Siri Pengurusan dan Pentadbiran Utusan
Subjects:
LEADER 00565cam a2200193 7i4500
001 0000037605
005 20151104090000.0
005 ##20151104144700.0
003 ##MY-KlINT
020 # # |a 9676110248  
039 # 9 |y 201511041447  |z VLOAD 
090 0 0 |a 370.113   |b CHE 
100 1 # |a Chek Mat 
245 1 0 |a Pengurusan Kerjaya /   |c by Chek Mat. 
260 # # |a Kuala Lumpur:   |b Utusan Publications and Distributors,   |c 2000. 
300 # # |a vi, 148p:   |b ill;   |c 21cm. 
490 0 # |a Siri Pengurusan dan Pentadbiran Utusan 
500 # # |a includes bibliographical references 
650 # 0 |a Career development